Top 20 mondial des joueurs de tennis de table - Statistiques

Statistiques générales
  • Ce quiz a été pris 694 fois
  • Le résultat moyen est 11 sur 20
Statistiques - réponses
Rang Nom % Correct
5 Felix Lebrun
99%
19 Alexis Lebrun
97%
1 Wang Chuqin
80%
2 Fan Zhendong
79%
6 Ma Long
79%
3 Hugo Calderano
78%
7 Lin Shidong
77%
8 Lin Gaoyuan
73%
10 Lin Yun-Ju
72%
9 Tomokazu Harimoto
71%
13 Truls Moregard
62%
4 Liang Jingkun
56%
11 Dang Qiu
46%
16 Dimitrij Ovtcharov
36%
12 Patrick Franziska
35%
15 Darko Jorgic
34%
17 Shunsuke Togami
21%
14 Jang Woojin
20%
18 Omar Assar
19%
20 Cho Daeseong
6%
Aucun quiz correspondant
Distribution des résultats
% des personnes avec chaque résultat
Percentile par nombre de réponses
Votre historique - résultats
Vous n’avez pas pris ce quiz